00851nam a2200253 a 4500001001000000003000900010005001700019007001000036008003500046020001500081040002200096082002800118100004100146245010200187260003800289300002800327490002300355500005900378500004500437650003200482650003200514700002800546830002300574000045134DO-SdBNP20230801091219.0000045134150204s2011 dr a 000 j spa d a9945429000 aBPMSUbspacBPMSU 4aCu863.5bP438d 20112221 aPérez de la Iglesia, Janinad1969-14aLos delfines están llorando. /cJanina Pérez de la Iglesia; ilustraciones, Rafael Hutchinson. aSanto Domingo :bAlfaguara,c2011 a186 p. :bil. ;c21 cm.0 aAlfaguara infantil aEstos ejemplares son la quinta reimpresión del 2011. aIncluye datos biografícos de la autora 4aCuentos infantiles cubanos  4aLiteratura infantil cubana 1 aHutchinson, Rafaeleil. 0aAlfaguara infantil